00633nam a2200205Ia 4500003000400000005001700004008004100021020001800062040001800080041000800098082002300106100002500129245006100154250001200215260004400227300003000271650003900301650005400340650003300394OSt20260130145850.0210716s2017 xx 000 0 und d a9789386392619 cAIMIT LIBRARY aeng a338.0954 21bREDC aReddy, C Rammanohar. aDemonetisation and black money /cBy C Rammanohar Reddy. a1st ed. aHyderabad :bOrient Black Swam ,c2017. axxvi,244p. ;bPBc21.9 cm aSize of the black economy in India aIndian and global experiences with demonetisation aImpact on the banking system